Dimensionamiento de un sistema de tratamiento aplicable a purines en la finca lechera Miravalle de Turrialba
Gorde:
| Egile nagusia: | |
|---|---|
| Beste egile batzuk: | |
| Formatua: | Liburua |
| Hizkuntza: | Spanish |
| Argitaratua: |
San José, Costa Rica
2019
|
| Gaiak: | |
| Etiketak: |
Etiketa erantsi
Etiketarik gabe, Izan zaitez lehena erregistro honi etiketa jartzen!
|
MARC
| LEADER | 00000nam a2200000Ia 4500 | ||
|---|---|---|---|
| 003 | 013326 | ||
| 005 | 20230324115316.0 | ||
| 008 | 140114s2019 cr a 000 ||spa d | ||
| 040 | |c cru CEDI | ||
| 100 | |a Quesada Garita, Ignacio Andrés, 1984- |9 383 | ||
| 245 | |a Dimensionamiento de un sistema de tratamiento aplicable a purines en la finca lechera Miravalle de Turrialba | ||
| 260 | |a San José, Costa Rica |c 2019 | ||
| 500 | |a Proyecto de graduación (licenciatura en ingeniería química)--Universidad de Costa Rica. Facultad de Ingeniería. Escuela de Ingeniería Química | ||
| 501 | |a Director de Proyecto de Graduación: M.Sc. Bernardo Hernán Mora Gómez | ||
| 650 | |x |x TRATAMIENTO DE RESIDUOS |x BIODIGESTORES - DISEÑO Y CONSTRUCCION - ANALISIS DE COSTOS |x PLANTAS PARA TRATAMIENTO DE RESIDUOS |x DISPOSICION DE RESIDUOS |x PURINAS | ||
| 700 | |9 13 |a Mora Gómez, Bernardo Hernán, 1965- |d Director del TFG | ||
| 942 | |c CEDI |h TFG 8477 |6 TFG_8477_000000000000000 | ||
| 999 | |c 21819 |d 21819 | ||
